Statistiques concernant Candidats de droite au second tour des présidentielles 5ème république

Cliquez ici pour prendre le quiz!

Statistiques générales

  • Ce quiz a été pris 153 fois
  • Le résultat moyen est 7 sur 7

Statistiques - réponses

ÉlectionCandidat% Correct
2012Nicolas Sarkozy
99%
2007Nicolas Sarkozy
99%
1988Jacques Chirac
97%
1995Jacques Chirac
97%
2002Jacques Chirac
97%
1969Georges Pompidou
93%
1965Charles De Gaulle
92%

Distribution des résultats

Percentile par nombre de réponses

% des personnes avec chaque résultat

Votre développement - résultats

Vous n’avez pas pris ce quiz